Online
Catalog

Ensayo clásico : (Record no. 29299)

MARC details
000 -CABECERA
campo de control de longitud fija 00903nam a2200205 a 4500
001 - NÚMERO DE CONTROL
campo de control 000029807
005 - FECHA Y HORA DE LA ÚLTIMA TRANSACCIÓN
campo de control 20200930055824.0
008 - DATOS DE LONGITUD FIJA--INFORMACIÓN GENERAL
campo de control de longitud fija 110426s2001 dr ab 000 e spa d
020 ## - NÚMERO INTERNACIONAL ESTÁNDAR DEL LIBRO
Número Internacional Estándar del Libro 9993481955
040 ## - FUENTE DE LA CATALOGACIÓN
Centro catalogador/agencia de origen DO-SdBNP
Lengua de catalogación spa
Centro/agencia transcriptor BNPHU
082 ## - NÚMERO DE LA CLASIFICACIÓN DECIMAL DEWEY
Número de clasificación xxx
Número de documento/Ítem P438e
049 ## - FONDOS LOCALES (OCLC)
Fondos de biblioteca BNPD
100 1# - ENTRADA PRINCIPAL--NOMBRE DE PERSONA
Nombre de persona Pérez Montás, Eugenio
9 (RLIN) 13156
245 10 - MENCIÓN DE TÍTULO
Título Ensayo clásico :
Resto del título reflexiones sobre el vitruvianismo en la historia de las ciudades /
Mención de responsabilidad, etc. Eugenio Pérez Montás.
260 ## - PUBLICACIÓN, DISTRIBUCIÓN, ETC.
Lugar de publicación, distribución, etc. Santo Domingo :
Nombre del editor, distribuidor, etc. Centro de Altos de Estudios Humanísticos y del Idioma Español:
-- Patronato de la Ciudad Colonial:
-- Secretaría de Estado De Cultura,
Fecha de publicación, distribución, etc. 2001.
300 ## - DESCRIPCIÓN FÍSICA
Extensión 232 p. :
Otras características físicas mapa, il. ;
Dimensiones 25 cm.
500 ## - NOTA GENERAL
Nota general Este ensayo clásico fue elaborado a partir del discurso de ingreso como miembro de número de la academia dominicana de la historia.
500 ## - NOTA GENERAL
Nota general Incluye notas al pie de la páginas.
500 ## - NOTA GENERAL
Nota general Incluye índices.
Holdings
Estado de retiro Estado de pérdida No para préstamo Código de colección Localización permanente Ubicación/localización actual Ubicación en estantería Fecha de adquisición Número de inventario Total de préstamos Signatura topográfica completa Código de barras Fecha visto por última vez Precio válido a partir de Tipo de ítem Koha
    Excluido de préstamo Patrimonio Dominicano Patrimonio Dominicano Patrimonio Dominicano En catalogación 26.04.2011 LF1   xxx P438e 29807-10 25.06.2020 25.06.2020 Libro y Folleto Colección Patrimonio Dominicano

Powered by Koha